Elementary statistics
Saved in:
| Hovedforfatter: | |
|---|---|
| Format: | Bog |
| Sprog: | engelsk |
| Udgivet: |
Nueva York
John Wiley & Sons
1963
|
| Udgivelse: | 2a. ed |
| Serier: | Wiley Series in Probability and Mathematical Statistics
|
| Fag: | |
| Tags: |
Tilføj Tag
Ingen Tags, Vær først til at tagge denne postø!
|
MARC
| LEADER | 00000nam a2200000 a 4500 | ||
|---|---|---|---|
| 001 | UCU3021 | ||
| 003 | CL-VaPUC | ||
| 008 | 960502e19630000US |||||||||||||||||eng|d | ||
| 082 | 0 | 4 | |a 519.5 |b HOE |2 21 |
| 100 | |a Hoel, Paul G |e author |9 567042 | ||
| 245 | 1 | 0 | |a Elementary statistics |
| 250 | |a 2a. ed | ||
| 300 | |a 261 p | ||
| 942 | |c BK | ||
| 945 | |d 19960502 00:00:00 |a cmena | ||
| 260 | |a Nueva York |b John Wiley & Sons |c 1963 | ||
| 650 | 0 | |a Análisis estadístico |9 269506 | |
| 650 | 0 | |a Teoría de probabilidades |9 336944 | |
| 650 | 7 | |a DIAGRAMAS NUMERICOS |2 CL-VaPUC |9 359671 | |
| 650 | 7 | |a METODOS EMPIRICOS |2 CL-VaPUC |9 359672 | |
| 650 | 0 | |a Análisis de datos |9 269871 | |
| 650 | 0 | |a Análisis de correlación |9 359673 | |
| 650 | 0 | |a Análisis de regresión |9 263763 | |
| 583 | |a last modification |c 19960502 00:00:00 |k Rodrigo Vera | ||
| 490 | 0 | |a Wiley Series in Probability and Mathematical Statistics | |
| 999 | |c 247160 |d 247158 | ||